1233 1714 1422 1800 1990 1254 1888 1507 1823 1597 1401 1673 1362 1627 1443 1944 1374 1593 1667 1150 1897 1739 1519 1545 1813 1443 1968 1434 1780 1913 1088 1899 1513 1260 1885 1837 1814 1566 1821 1675 1253 1848 1233 1552 1342 1235 1320 1894 1626 1013 1563 1291 1424 1710 1968 1879 1501 1442 1007 1747 1458 1780 1116 1612 1827 1252 1475 1767 1401 1144 1860 1590 1750 1095 1025 1107 1824 1261 1561 1683 1498 1777 1479 1873 1019 1249 1040 1240 1870 1547 1177 1378 1541 1943 1512 1488 1560 1984 1809 BCNSPRNW ULIB Ver.6.0+V

เปลี่ยนเป็นภาษาไทย

Change to English
 แสดงรายละเอียดบรรณานุกรม
  กลับหน้าหลัก

Brief Record : Get Marc (ISO 2709) : E-mail record : QR code < ปิดหน้าต่าง
LEADER : 00000nam 2200000uu 4500
001    13399113050
003     ULIB
008    110922s2548||||th 000 0 tha d
020    9749023102
050  4 PE1128^bว615 2546
100 0  Thornbury, Scott
245 10 วิธีสอนศัพท์ =^bHow to teach vocabulary /^cThornbury, Scott
246 31 How to teach vocabulary
250    พิมพ์ครั้งที่ 1
260    กรุงเทพฯ :^bPearson Education incochina,^c2548
300    237 หน้า
650  7 ภาษาอังกฤษ^xการศึกษาและการสอน
650  7 ภาษาอังกฤษ^xคำศัพท์
945    ^p430^l0^i021436
945    ^p430^l0^i021437
995    ทศพร
999 ^a ทศพร
รายการนี้ยังไม่มีแท็ก
คุณยังไม่ได้ล็อกอิน คุณสามารถมีกิจกรรมร่วมกับเว็บไซต์ได้ แต่ต้องล็อกอินก่อน ::
  ล็อกอิน

รายการสื่อสารสนเทศ

ลำดับที่ ประเภท เลขเรียก/บาร์โค้ด สถานที่ สถานะ
- ไม่พบข้อมูล -

รายการใกล้เคียง
    ผู้แต่ง [Thornbury, Scott]

    หัวเรื่อง [ภาษาอังกฤษ การศึกษาและการสอน]
    หัวเรื่อง [ภาษาอังกฤษ คำศัพท์]

BibComment


ยังไม่เคยถูกคอมเมนท์

คอมเมนท์ทรัพยากรรายการนี้
  คอมเมนท์: วิธีสอนศัพท์ How..


 Copyright 2026. Bcnsprnw @Library